| 000 | 01216nam a2200217Ia 4500 | ||
|---|---|---|---|
| 003 | Ost | ||
| 005 | 20260507075738.0 | ||
| 008 | 260507s9999||||xx |||||||||||||| ||und|| | ||
| 040 | _cfsecg | ||
| 041 | _aara | ||
| 082 | _a346.06 | ||
| 100 |
_aالذنيبات، محمد جمال مطلق _eمؤلف |
||
| 245 | 0 |
_aالوجيز في القانون الاداري / _c محمد جمال مطلق الذنيبات |
|
| 260 |
_aعمان: _bالدار العلمية الدولية للنشر, _c2003 |
||
| 300 |
_a371 صفحة؛ _c25 سم |
||
| 490 | _aالمكتبة القانونية(483) | ||
| 520 | _aماهية القانون الإداري،أشخاص االقانون الاداري،التنظيم الاداري المركزي،أساليب التنظيم الاداري اللامركزي،تطبيقات المركزية في الأردن،النشاط االاداري،المرافق العامة،الضبط الاداري،وسائل الادارة العامة،القرارات الادارية،العقود الادارية،الوظيفة العامة،الأموال العامة | ||
| 653 | _aالعقود الادارية | ||
| 653 | _aالقانون الاداري | ||
| 942 | _cكتاب | ||
| 999 |
_c46111 _d46111 |
||